Legitimation of regimes : International framework of analysis

Bibliographic Details
Corporate Author: Conference on Legitimation and Delegitimation of Regimes
Other Authors: Denitch, Bogdan (Editor)
Format: Book
Language:English
Published: London : SAGE Publications 1979
Subjects:

MARC

LEADER 00000cam a2200000 7i4500
001 0000003151
005 20240926.0
008 991202 enk eng
020 |a 0803998988 
040 |a INS   |b eng   |e rda 
090 0 0 |a JC328.2   |b .C64 1979 
110 2 |a Conference on Legitimation and Delegitimation of Regimes ,   |d (1977   |c City University of New York) 
245 0 0 |a Legitimation of regimes :   |b International framework of analysis   |c edited by Bogdan Denitch 
264 1 |a London :   |b SAGE Publications   |c 1979 
300 |a 305 pages ;   |c 22 cm. 
336 |a text  |2 rdacontent 
337 |a unmediated  |2 rdamedia 
338 |a volume  |2 rdacarrier 
500 |a (Sage studies in InternationalSociology - 17) 
650 0 |a Legitimacy of government   |x Congresses 
700 1 |a Denitch, Bogdan ,   |e editor 
999 |a 0000004201   |b BOOK   |c Open Shelf   |e Default branch